[Event "IND-ch Blitz"]
[Site "Nashik"]
[Date "2024.03.07"]
[Round "7"]
[White "Ayush, Sharma"]
[Black "Aradhya, Garg"]
[Result "1-0"]
[WhiteElo "2256"]
[BlackElo "2348"]
[PlyCount "159"]
[EventDate "2024.03.07"]
[EventType "swiss (blitz)"]
[EventRounds "11"]
[EventCountry "IND"]
[SourceTitle "CB11_2024"]
[SourceDate "2024.03.13"]
[SourceVersion "1"]
[SourceVersionDate "2024.03.13"]
[SourceQuality "1"]

1. Nf3 Nf6 2. c4 e6 3. g3 d5 4. d4 dxc4 5. Bg2 Nbd7 6. 0-0 c6 7. a4 b6 8. Qc2 Bb7 9. Qxc4 c5 10. Rd1 Rc8 11. Nc3 Be7 12. dxc5 0-0 13. Be3 Bxc5 14. Bxc5 Rxc5 15. Qd4 Qe7 16. b4 Rcc8 17. Nb5 Bd5 18. Rac1 a5 19. bxa5 bxa5 20. Nc7 Qb4 21. Nxd5 Nxd5 22. Rxc8 Rxc8 23. e4 Qxd4 24. Rxd4 N5f6 25. Bf1 e5 26. Rd3 h6 27. Bh3 Rc7 28. Bxd7 Nxd7 29. Rd5 Nc5 30. Nxe5 f6 31. Nf3 Kf7 32. Nd4 Nxa4 33. Rxa5 Nc3 34. f3 Rd7 35. Nf5 Ne2+ 36. Kf2 Nd4 37. Ne3 Nc6 38. Rc5 Ne5 39. Ke2 Ra7 40. Rc2 h5 41. Nd5 h4 42. Ne3 hxg3 43. hxg3 Ra3 44. f4 Nd7 45. Rc7 Ke8 46. Nf5 g6 47. Ng7+ Kd8 48. Ne6+ Ke7 49. Nc5 Kd6 50. Rxd7+ Kxc5 51. Rd3 Ra4 52. Ke3 Kc6 53. g4 Ra1 54. Rd8 Ra3+ 55. Rd3 Ra1 56. f5 g5 57. Rd8 Ra3+ 58. Rd3 Ra1 59. Rd2 Re1+ 60. Kf3 Rf1+ 61. Rf2 Re1 62. Rd2 Rf1+ 63. Rf2 Re1 64. Rh2 Kd6 65. Rh8 Rf1+ 66. Ke3 Re1+ 67. Kd3 Ke7 68. Rh7+ Ke8 69. Kd4 Rd1+ 70. Kc5 Rd2 71. Rc7 Rg2 72. Kd5 Rxg4 73. e5 fxe5 74. Ke6 Kd8 75. Rd7+ Kc8 76. f6 e4 77. f7 Rf4 78. Rd5 e3 79. Rf5 Re4+ 80. Kd5 1-0

[Event "IND-ch Blitz"]
[Site "Nashik"]
[Date "2024.03.07"]
[Round "8"]
[White "Mohammad, Nubairshah Shaikh"]
[Black "Ayush, Sharma"]
[Result "0-1"]
[WhiteElo "2296"]
[BlackElo "2256"]
[PlyCount "56"]
[EventDate "2024.03.07"]
[EventType "swiss (blitz)"]
[EventRounds "11"]
[EventCountry "IND"]
[SourceTitle "CB11_2024"]
[SourceDate "2024.03.13"]
[SourceVersion "1"]
[SourceVersionDate "2024.03.13"]
[SourceQuality "1"]

1. Nf3 Nf6 2. g3 d5 3. Bg2 c5 4. 0-0 g6 5. c4 Bg7 6. d4 cxd4 7. cxd5 0-0 8. d6 Qxd6 9. Bf4 Qb6 10. Qxd4 Qxd4 11. Nxd4 Ng4 12. Be3 Rd8 13. Rc1 Na6 14. Rc4 e5 15. Nb3 Rd1+ 16. Bf1 Nxe3 17. fxe3 Be6 18. Rc2 Rad8 19. N1d2 Rxa1 20. Nxa1 Nb4 21. Rc7 Rxd2 22. Rxb7 Nd5 23. Rb8+ Bf8 24. Kf2 Kg7 25. Bg2 Bc5 26. Nb3 Bxe3+ 27. Ke1 Rxb2 28. Kd1 Nc3+ 0-1

[Event "IND-ch Blitz"]
[Site "Nashik"]
[Date "2024.03.07"]
[Round "4"]
[White "Sengupta, Deep"]
[Black "Ayush, Sharma"]
[Result "1-0"]
[WhiteElo "2355"]
[BlackElo "2256"]
[PlyCount "141"]
[EventDate "2024.03.07"]
[EventType "swiss (blitz)"]
[EventRounds "11"]
[EventCountry "IND"]
[SourceTitle "CB11_2024"]
[SourceDate "2024.03.13"]
[SourceVersion "1"]
[SourceVersionDate "2024.03.13"]
[SourceQuality "1"]

1. Nf3 Nf6 2. c4 e6 3. b3 d5 4. Bb2 c5 5. cxd5 exd5 6. e3 Nc6 7. Bb5 Bd7 8. 0-0 Be7 9. d4 cxd4 10. Nxd4 0-0 11. Be2 Re8 12. Nd2 Rc8 13. N2f3 Ne4 14. Rc1 Bf6 15. Nxc6 bxc6 16. Bxf6 Qxf6 17. Qd4 Qxd4 18. Nxd4 c5 19. Nf3 a5 20. Rfd1 Be6 21. Nd2 Nd6 22. Bf3 Red8 23. Nb1 c4 24. h3 cxb3 25. Rxc8 Rxc8 26. axb3 Ne4 27. Nd2 f5 28. g4 Ng5 29. Bg2 Ne4 30. gxf5 Bxf5 31. Nxe4 Bxe4 32. Bxe4 dxe4 33. Rd5 Rb8 34. Rxa5 Rxb3 35. Ra4 g6 36. Rxe4 Kf7 37. Kg2 Rb5 38. h4 h6 39. Kg3 Rb1 40. Ra4 Rg1+ 41. Kf3 Rh1 42. Kg2 Re1 43. Ra6 Rb1 44. h5 gxh5 45. Rxh6 Rb5 46. Kg3 Kg7 47. Rc6 Rg5+ 48. Kf4 Rg4+ 49. Kf3 Ra4 50. Re6 Kf7 51. Rh6 Ra5 52. e4 Kg7 53. Rb6 Rg5 54. Ke3 h4 55. f4 Rg3+ 56. Kf2 Rg4 57. Ke3 Rg3+ 58. Kd4 h3 59. Rb2 Rg2 60. Rb3 Rd2+ 61. Ke5 h2 62. Rh3 Kg6 63. Ke6 Re2 64. e5 Re4 65. f5+ Kg5 66. f6 Rh4 67. Rxh2 Rxh2 68. f7 Rf2 69. Ke7 Rf5 70. e6 Kf4 71. f8Q 1-0

[Event "IND-ch Rapid"]
[Site "Nashik"]
[Date "2024.03.06"]
[Round "10"]
[White "Ayush, Sharma"]
[Black "Sammed Jaykumar, Shete"]
[Result "1-0"]
[WhiteElo "2141"]
[BlackElo "2262"]
[PlyCount "85"]
[EventDate "2024.03.04"]
[EventType "swiss (rapid)"]
[EventRounds "11"]
[EventCountry "IND"]
[SourceTitle "CB11_2024"]
[SourceDate "2024.03.13"]
[SourceVersion "1"]
[SourceVersionDate "2024.03.13"]
[SourceQuality "1"]

1. Nf3 d5 2. d4 Nf6 3. c4 e6 4. g3 Bb4+ 5. Bd2 Be7 6. Bg2 Nbd7 7. Qc2 c6 8. 0-0 Ne4 9. Nc3 Nxd2 10. Nxd2 0-0 11. Rfd1 Rb8 12. e4 dxc4 13. Nxc4 b5 14. Ne3 c5 15. d5 Qb6 16. a4 a6 17. a5 Qa7 18. Kh1 c4 19. b3 Ne5 20. bxc4 bxc4 21. Na4 Bd7 22. Nb6 Bb5 23. Bf1 exd5 24. Nexd5 Bc5 25. h3 Bxb6 26. axb6 Qb7 27. Rac1 f5 28. f4 Nd3 29. Bxd3 cxd3 30. Qa2 Kh8 31. Rc7 Qa8 32. Rdc1 Rbe8 33. Qb2 Rg8 34. b7 Qb8 35. Ne7 d2 36. Qxd2 fxe4 37. Nxg8 e3 38. Qd4 Rxg8 39. Qxe3 Qd8 40. Qe5 Qd3 41. R7c3 Bc6+ 42. Kg1 Qd7 43. b8Q 1-0

[Event "IND-ch Rapid"]
[Site "Nashik"]
[Date "2024.03.04"]
[Round "3"]
[White "Doshi, Moksh Amitbhai"]
[Black "Ayush, Sharma"]
[Result "1-0"]
[WhiteElo "2330"]
[BlackElo "2141"]
[PlyCount "75"]
[EventDate "2024.03.04"]
[EventType "swiss (rapid)"]
[EventRounds "11"]
[EventCountry "IND"]
[SourceTitle "CB11_2024"]
[SourceDate "2024.03.13"]
[SourceVersion "1"]
[SourceVersionDate "2024.03.13"]
[SourceQuality "1"]

1. d4 Nf6 2. c4 e6 3. Nf3 b6 4. g3 Ba6 5. b3 Bb4+ 6. Bd2 Be7 7. Nc3 c6 8. e4 d5 9. Bd3 dxe4 10. Nxe4 0-0 11. 0-0 Bb7 12. Qe2 Nbd7 13. Rad1 c5 14. Bc3 Qc7 15. dxc5 bxc5 16. Nfg5 Qc6 17. f3 h6 18. Nxf6+ Bxf6 19. Bh7+ Kh8 20. Be4 Qc7 21. Bxb7 Qxb7 22. Ne4 Bxc3 23. Nxc3 Rad8 24. Rd2 Nb8 25. Rfd1 Rxd2 26. Rxd2 Nc6 27. Qe3 Nd4 28. Kf2 Rd8 29. Ne2 Qb6 30. Nf4 Qa5 31. Kg2 Rd7 32. Qf2 Qc3 33. Rd3 Qa1 34. Qd2 Qb1 35. Rc3 g5 36. Nh3 Rd6 37. Nf2 f5 38. Rc1 1-0

[Event "Asia-ch Blitz U20"]
[Site "Jamshedpur"]
[Date "2023.09.15"]
[Round "2"]
[White "Vivaan, Vishal Shah"]
[Black "Ayush, Sharma"]
[Result "0-1"]
[WhiteElo "1867"]
[BlackElo "2254"]
[PlyCount "82"]
[EventDate "2023.09.15"]
[EventType "swiss (blitz)"]
[EventRounds "9"]
[EventCountry "IND"]
[SourceTitle "EXT 2024"]
[Source "ChessBase"]
[SourceDate "2023.10.10"]
[SourceVersion "1"]
[SourceVersionDate "2023.10.10"]
[SourceQuality "1"]

1. e4 e6 2. b3 c5 3. Bb2 Nc6 4. Nf3 Nf6 5. e5 Nd5 6. c3 d6 7. exd6 Bxd6 8. Be2 0-0 9. 0-0 e5 10. d3 Re8 11. Nbd2 Nf4 12. Re1 Bf5 13. Ne4 Bf8 14. Qd2 Qc7 15. Ng3 Bg6 16. Bf1 Rad8 17. Nxe5 Nxg2 18. Bxg2 Nxe5 19. d4 cxd4 20. cxd4 Nd3 21. Rxe8 Rxe8 22. Bc3 Rc8 23. Ne4 Nf4 24. Nc5 Nxg2 25. Kxg2 b6 26. Na4 Qd7 27. f3 Bd6 28. Re1 h6 29. Nb2 Qf5 30. Nc4 Bf4 31. Qb2 Qh5 32. Kg1 Qxf3 33. Bd2 Qg4+ 34. Kh1 Be4+ 35. Rxe4 Qf3+ 36. Kg1 Qxe4 37. Bxf4 Qxf4 38. d5 Re8 39. Qb1 Qg4+ 40. Kf2 Re2+ 41. Kf1 Qg2# 0-1

[Event "Asia-ch U20"]
[Site "Jamshedpur"]
[Date "2023.09.10"]
[Round "2"]
[White "Shaashvat, Gupta"]
[Black "Ayush, Sharma"]
[Result "1/2-1/2"]
[WhiteElo "1447"]
[BlackElo "2371"]
[PlyCount "74"]
[EventDate "2023.09.09"]
[EventType "swiss"]
[EventRounds "9"]
[EventCountry "IND"]
[SourceTitle "EXT 2024"]
[Source "ChessBase"]
[SourceDate "2023.10.10"]
[SourceVersion "1"]
[SourceVersionDate "2023.10.10"]
[SourceQuality "1"]

1. e4 c5 2. Nf3 Nc6 3. d4 cxd4 4. Nxd4 Nf6 5. Nc3 d6 6. f3 e5 7. Ndb5 a6 8. Na3 b5 9. Nd5 Nxd5 10. Qxd5 Bb7 11. Qd1 d5 12. exd5 Nd4 13. Be3 Nf5 14. Bf2 Rc8 15. Bd3 Bb4+ 16. c3 Bxa3 17. bxa3 Nd6 18. 0-0 0-0 19. a4 Rxc3 20. axb5 axb5 21. Qb1 Qd7 22. Be1 Rc5 23. Bb4 Rxd5 24. Bxh7+ Kh8 25. Be4 Rd4 26. Bxb7 Qxb7 27. Rd1 Qb6 28. Kh1 Rd8 29. Bxd6 R8xd6 30. Qb3 Rxd1+ 31. Rxd1 Qf2 32. Rg1 Rh6 33. Rc1 Rc6 34. Rg1 Rh6 35. Rc1 Rg6 36. Rg1 Rh6 37. Rc1 Rc6 1/2-1/2

[Event "Asia-ch Rapid U20"]
[Site "Jamshedpur"]
[Date "2023.09.08"]
[Round "4"]
[White "Ajay, Santhosh Parvathare"]
[Black "Ayush, Sharma"]
[Result "1-0"]
[WhiteElo "1833"]
[BlackElo "2151"]
[PlyCount "85"]
[EventDate "2023.09.08"]
[EventType "swiss (rapid)"]
[EventRounds "9"]
[EventCountry "IND"]
[SourceTitle "EXT 2024"]
[Source "ChessBase"]
[SourceDate "2023.10.10"]
[SourceVersion "1"]
[SourceVersionDate "2023.10.10"]
[SourceQuality "1"]

1. d4 Nf6 2. Nc3 d5 3. Bf4 a6 4. e3 c5 5. Nf3 Nc6 6. Be2 Bg4 7. h3 Bxf3 8. Bxf3 e6 9. 0-0 Bd6 10. Bg5 h6 11. Bh4 g5 12. dxc5 gxh4 13. cxd6 Qxd6 14. Ne2 0-0-0 15. Nd4 Ne5 16. c3 Rhg8 17. b4 Rg7 18. Kh1 Rdg8 19. Rg1 Ne4 20. Qc2 Nd3 21. Bxe4 dxe4 22. b5 axb5 23. a4 b4 24. cxb4+ Kb8 25. Nb5 Qe5 26. Rab1 f5 27. Rb3 f4 28. exf4 Qxf4 29. Rxd3 exd3 30. Qxd3 Qxb4 31. Qe3 Qa5 32. Qe5+ Ka8 33. Rc1 Qb6 34. Qxg7 Rd8 35. Qc7 Qxc7 36. Nxc7+ Ka7 37. Nxe6 Rd2 38. f3 Re2 39. Nf4 Ra2 40. Rc4 Kb6 41. Kh2 Ka5 42. Ne6 b6 43. f4 1-0

[Event "Asia-ch Rapid U20"]
[Site "Jamshedpur"]
[Date "2023.09.08"]
[Round "9"]
[White "Ayush, Sharma"]
[Black "Aswath, S."]
[Result "0-1"]
[WhiteElo "2151"]
[BlackElo "2259"]
[PlyCount "84"]
[EventDate "2023.09.08"]
[EventType "swiss (rapid)"]
[EventRounds "9"]
[EventCountry "IND"]
[SourceTitle "EXT 2024"]
[Source "ChessBase"]
[SourceDate "2023.10.10"]
[SourceVersion "1"]
[SourceVersionDate "2023.10.10"]
[SourceQuality "1"]

1. g3 d5 2. Bg2 Nf6 3. Nf3 c5 4. 0-0 Nc6 5. d4 e6 6. c4 dxc4 7. dxc5 Qxd1 8. Rxd1 Bxc5 9. Nbd2 c3 10. bxc3 0-0 11. Nb3 Be7 12. c4 Bd7 13. Bf4 Rac8 14. a4 Rfd8 15. a5 Be8 16. Rdb1 Ne4 17. Nbd2 Nc3 18. Rxb7 Nxe2+ 19. Kf1 Nxf4 20. gxf4 Bd6 21. f5 exf5 22. a6 g6 23. Nb3 Rb8 24. c5 Bf8 25. Nfd2 Bg7 26. Re1 Ne5 27. Rxa7 Nd3 28. Rb1 Bb5 29. Kg1 Nb4 30. Bb7 Rd7 31. Na5 Bc3 32. Ndc4 Bxa6 33. c6 Nxc6 34. Nxc6 Rbxb7 35. Ra8+ Kg7 36. Rc1 Bxc4 37. Rxc3 Rd1+ 38. Kg2 Bd5+ 39. Kh3 Bxc6 40. Rxc6 Rb3+ 41. Kh4 Rd4+ 42. Kg5 h6# 0-1

[Event "Asia-ch Rapid U20"]
[Site "Jamshedpur"]
[Date "2023.09.08"]
[Round "6"]
[White "Daakshin, Arun"]
[Black "Ayush, Sharma"]
[Result "0-1"]
[WhiteElo "1879"]
[BlackElo "2151"]
[PlyCount "78"]
[EventDate "2023.09.08"]
[EventType "swiss (rapid)"]
[EventRounds "9"]
[EventCountry "IND"]
[SourceTitle "EXT 2024"]
[Source "ChessBase"]
[SourceDate "2023.10.10"]
[SourceVersion "1"]
[SourceVersionDate "2023.10.10"]
[SourceQuality "1"]

1. d4 Nf6 2. c4 e6 3. Nc3 Bb4 4. e3 0-0 5. Bd2 d5 6. Nf3 c5 7. a3 Bxc3 8. Bxc3 Ne4 9. Rc1 b6 10. dxc5 bxc5 11. cxd5 exd5 12. Bd3 Nc6 13. 0-0 Qe7 14. Qa4 Bd7 15. Bxe4 dxe4 16. Nd2 Nb4 17. Qa5 Nd3 18. Rcd1 Rfb8 19. Qc7 Rc8 20. Qg3 f5 21. Nc4 Re8 22. f3 Ba4 23. Rd2 Rf8 24. fxe4 fxe4 25. Rxf8+ Rxf8 26. h3 Rd8 27. Ne5 Be8 28. Rd1 h6 29. Ng4 Kh7 30. Rf1 Rd5 31. Rf6 Rg5 32. Qh4 Bg6 33. Rf1 Qd6 34. g3 Rh5 35. Rf6 Qd7 36. Rxg6 Rxh4 37. Rxg7+ Qxg7 38. Bxg7 Rxg4 39. hxg4 Kxg7 0-1

[Event "Abu Dhabi op 29th"]
[Site "Abu Dhabi"]
[Date "2023.08.19"]
[Round "4"]
[White "De Silva, LMST"]
[Black "Ayush, Sharma"]
[Result "0-1"]
[WhiteElo "2407"]
[BlackElo "2321"]
[PlyCount "58"]
[EventDate "2023.08.16"]
[EventType "swiss"]
[EventRounds "9"]
[EventCountry "UAE"]
[SourceTitle "EXT 2024"]
[Source "ChessBase"]
[SourceDate "2023.10.10"]
[SourceVersion "1"]
[SourceVersionDate "2023.10.10"]
[SourceQuality "1"]

1. e4 c5 2. Nf3 d6 3. Bb5+ Nd7 4. d4 cxd4 5. Nxd4 Ngf6 6. 0-0 e6 7. Re1 Be7 8. Bf1 0-0 9. c4 Qc7 10. b3 b6 11. Nc3 Bb7 12. Bb2 Nc5 13. f3 Rad8 14. g4 Nfd7 15. Qd2 Ne5 16. b4 Ncd7 17. Rac1 Rc8 18. Nd1 Bh4 19. Nf2 f5 20. exf5 exf5 21. g5 f4 22. Bg2 Rce8 23. Nb5 Qd8 24. Nxd6 Nxf3+ 25. Bxf3 Bxf3 26. Nde4 Bxf2+ 27. Kxf2 Bxe4 28. Rxe4 Nc5 29. Rd4 Ne4+ 0-1

[Event "Maharashtra op 2nd"]
[Site "Nagpur"]
[Date "2023.06.09"]
[Round "11"]
[White "Mohammad, Nubairshah Shaikh"]
[Black "Ayush, Sharma"]
[Result "1-0"]
[WhiteElo "2415"]
[BlackElo "2312"]
[PlyCount "79"]
[EventDate "2023.06.01"]
[EventType "swiss"]
[EventRounds "11"]
[EventCountry "IND"]
[SourceTitle "CBM 214 Extra"]
[Source "ChessBase"]
[SourceDate "2023.07.31"]
[SourceVersion "1"]
[SourceVersionDate "2023.07.31"]
[SourceQuality "1"]

1. Nf3 Nf6 2. g3 d5 3. Bg2 c5 4. 0-0 e6 5. d3 Nc6 6. Nbd2 Be7 7. e4 0-0 8. Re1 b5 9. e5 Nd7 10. Nf1 f6 11. exf6 Bxf6 12. Ne3 Bb7 13. Ng4 e5 14. c3 Kh8 15. Qb3 Na5 16. Qc2 d4 17. b4 cxb4 18. cxb4 Nc6 19. Bd2 Rf7 20. a4 a6 21. h4 Rc8 22. Qb3 Qf8 23. axb5 axb5 24. Ng5 Bxg5 25. hxg5 Re7 26. Be4 Qe8 27. Rec1 Nf8 28. Qd1 Ne6 29. Qf3 Rec7 30. Qh1 Nf8 31. Rc5 Qe6 32. Nxe5 Nxe5 33. Bxb7 Rxc5 34. bxc5 Rxc5 35. Bb4 Rc2 36. Bxf8 Qf5 37. Qg2 h5 38. gxh6 Qxf8 39. Ra8 Rc1+ 40. Kh2 1-0

[Event "Maharashtra op 2nd"]
[Site "Nagpur"]
[Date "2023.06.07"]
[Round "9"]
[White "Sammed Jaykumar, Shete"]
[Black "Ayush, Sharma"]
[Result "0-1"]
[WhiteElo "2440"]
[BlackElo "2312"]
[PlyCount "50"]
[EventDate "2023.06.01"]
[EventType "swiss"]
[EventRounds "11"]
[EventCountry "IND"]
[SourceTitle "CBM 214 Extra"]
[Source "ChessBase"]
[SourceDate "2023.07.31"]
[SourceVersion "1"]
[SourceVersionDate "2023.07.31"]
[SourceQuality "1"]

1. d4 Nf6 2. c4 e6 3. Nf3 b6 4. a3 Bb7 5. Nc3 d5 6. cxd5 Nxd5 7. Qc2 c5 8. e4 Nxc3 9. bxc3 Nc6 10. Be3 Be7 11. Bd3 0-0 12. e5 g6 13. h4 cxd4 14. cxd4 Rc8 15. Qb1 f5 16. exf6 Bxf6 17. Be4 Rc7 18. Qd3 e5 19. d5 Nd4 20. Nxd4 exd4 21. Bxd4 Ba6 22. Qxa6 Bxd4 23. Rd1 Bxf2+ 24. Ke2 Qe8 25. Kd3 Qe5 0-1

[Event "Baku op"]
[Site "Baku"]
[Date "2023.05.10"]
[Round "7"]
[White "Ayush, Sharma"]
[Black "Shahaliyev, Ismayil Bahram"]
[Result "1-0"]
[WhiteElo "2267"]
[BlackElo "2400"]
[PlyCount "103"]
[EventDate "2023.05.04"]
[EventType "swiss"]
[EventRounds "9"]
[EventCountry "AZE"]
[SourceTitle "CBM 214 Extra"]
[Source "ChessBase"]
[SourceDate "2023.07.31"]
[SourceVersion "1"]
[SourceVersionDate "2023.07.31"]
[SourceQuality "1"]

1. e4 c5 2. Nf3 e6 3. d4 cxd4 4. Nxd4 Nc6 5. Nc3 Qc7 6. g3 a6 7. Bg2 Nf6 8. 0-0 Nxd4 9. Qxd4 Bc5 10. Bf4 d6 11. Qd2 h6 12. Rad1 e5 13. Be3 Bb4 14. Nb5 axb5 15. Qxb4 Rxa2 16. Rxd6 0-0 17. Rd2 Be6 18. Rfd1 Ng4 19. Bc5 Rc8 20. Bd6 Qb6 21. Bf1 Nxf2 22. Rxf2 Rxc2 23. Rdd2 Raxb2 24. Bc5 Qc6 25. Rxc2 Rxb4 26. Bxb4 Qxe4 27. Rb2 h5 28. h4 Qd4 29. Kh2 e4 30. Rfd2 Qf6 31. Rf2 Qe5 32. Rbd2 Kh7 33. Bd6 Qa1 34. Bc5 b4 35. Bg2 f5 36. Bxb4 b5 37. Rf1 Qe5 38. Re1 g5 39. hxg5 h4 40. g6+ Kxg6 41. Re3 Kf7 42. Bd6 Qh8 43. gxh4 Qh6 44. Bc5 Qxh4+ 45. Kg1 Bc4 46. Rf2 Ke6 47. Bh3 Kd5 48. Rxf5+ Kc6 49. Bd4 Bd3 50. Kh2 Bc4 51. Ra3 Qe1 52. Rc5+ 1-0

[Event "IND-ch 59th"]
[Site "New Delhi"]
[Date "2023.01.02"]
[Round "12"]
[White "Ayush, Sharma"]
[Black "Ayushh, Ravikumar"]
[Result "1-0"]
[WhiteElo "2341"]
[BlackElo "1994"]
[PlyCount "141"]
[EventDate "2022.12.22"]
[EventType "swiss"]
[EventRounds "13"]
[EventCountry "IND"]
[SourceTitle "CBM 211 Extra"]
[Source "ChessBase"]
[SourceDate "2023.01.31"]
[SourceVersion "1"]
[SourceVersionDate "2023.01.31"]
[SourceQuality "1"]

1. c4 Nf6 2. Nf3 e6 3. Nc3 d5 4. d4 Bb4 5. Bg5 h6 6. Bxf6 Qxf6 7. e3 0-0 8. Qb3 Bxc3+ 9. bxc3 c6 10. a4 Nd7 11. cxd5 exd5 12. Bd3 Re8 13. 0-0 Rb8 14. a5 Qd6 15. c4 Nf6 16. c5 Qc7 17. Rfb1 Ra8 18. a6 bxa6 19. Ne5 Nd7 20. Nxd7 Bxd7 21. Qb7 Rec8 22. Rxa6 Rab8 23. Qxa7 Rxb1+ 24. Bxb1 Rb8 25. Bd3 Rb7 26. Qa8+ Rb8 27. Ra1 Kf8 28. Qa2 Ke7 29. h3 Rb4 30. Qa8 Rb8 31. Qa5 Qxa5 32. Rxa5 Rb2 33. Ra7 g6 34. g4 Rd2 35. Bf1 Ke6 36. Kg2 Rb2 37. h4 g5 38. Bd3 Be8 39. Bf5+ Kf6 40. h5 Rb8 41. Kf3 Kg7 42. Ke2 Kf6 43. Kd2 Rb2+ 44. Bc2 Ke6 45. Kc3 Rb8 46. f3 Kf6 47. e4 Kg7 48. e5 Rd8 49. Bf5 Kf8 50. e6 fxe6 51. Bxe6 Rb8 52. Bf5 Bf7 53. Rc7 Be8 54. Rh7 Ra8 55. Rxh6 Kg7 56. Rh7+ Kf6 57. Rc7 Ra3+ 58. Kb4 Rxf3 59. h6 Rh3 60. h7 Rh1 61. Ka5 Rh2 62. Kb6 Rb2+ 63. Ka7 Rh2 64. Kb8 Rb2+ 65. Kc8 Rh2 66. Kd8 Bf7 67. Rxc6+ Kg7 68. Rc7 Kf6 69. Rd7 Kg7 70. c6 Re2 71. Rxf7+ 1-0

[Event "IND-ch 59th"]
[Site "New Delhi"]
[Date "2022.12.27"]
[Round "6"]
[White "Ayush, Sharma"]
[Black "Koustuv, Dash"]
[Result "1-0"]
[WhiteElo "2341"]
[BlackElo "1929"]
[PlyCount "109"]
[EventDate "2022.12.22"]
[EventType "swiss"]
[EventRounds "13"]
[EventCountry "IND"]
[SourceTitle "CBM 211 Extra"]
[Source "ChessBase"]
[SourceDate "2023.01.31"]
[SourceVersion "1"]
[SourceVersionDate "2023.01.31"]
[SourceQuality "1"]

1. e4 c6 2. d4 d5 3. e5 Bf5 4. Nf3 e6 5. Be2 Nd7 6. 0-0 Bg6 7. a4 Nh6 8. a5 Nf5 9. c3 Be7 10. Bf4 0-0 11. Nbd2 f6 12. a6 b6 13. Re1 Bh5 14. h3 g5 15. Bh2 Bg6 16. Bd3 Re8 17. exf6 Bxf6 18. Ne5 Nxe5 19. Bxe5 Nh4 20. Nf3 Bh5 21. g4 Bxe5 22. Nxe5 Bg6 23. Nxc6 Qf6 24. Ne5 Rf8 25. Re2 Rac8 26. Bxg6 hxg6 27. Qd3 Rc7 28. Rae1 Rh7 29. Qg3 Qg7 30. Re3 Rf6 31. Nf3 Qh6 32. Nxh4 gxh4 33. Qb8+ Rf8 34. Qd6 Rhf7 35. Qxe6 Qf4 36. Qxg6+ Kh8 37. R1e2 Rg8 38. Qh5+ Kg7 39. Qxd5 Rgf8 40. Qe5+ Kg8 41. Qxf4 Rxf4 42. Kg2 R8f7 43. Re5 R4f6 44. Re6 b5 45. d5 Kf8 46. d6 Rxe6 47. Rxe6 Rd7 48. f4 b4 49. c4 b3 50. c5 Rf7 51. f5 Kg7 52. c6 Kh7 53. d7 Rf8 54. c7 Rc8 55. dxc8Q 1-0

[Event "IND-ch 59th"]
[Site "New Delhi"]
[Date "2022.12.25"]
[Round "4"]
[White "Ayush, Sharma"]
[Black "Adireddy, Arjun"]
[Result "1/2-1/2"]
[WhiteElo "2341"]
[BlackElo "1980"]
[PlyCount "121"]
[EventDate "2022.12.22"]
[EventType "swiss"]
[EventRounds "13"]
[EventCountry "IND"]
[SourceTitle "CBM 211 Extra"]
[Source "ChessBase"]
[SourceDate "2023.01.31"]
[SourceVersion "1"]
[SourceVersionDate "2023.01.31"]
[SourceQuality "1"]

1. e4 c5 2. Nf3 d6 3. d4 cxd4 4. Nxd4 Nf6 5. Nc3 a6 6. f3 e5 7. Nb3 Be6 8. Be3 Be7 9. Qd2 Nbd7 10. g4 0-0 11. 0-0-0 b5 12. a3 Nb6 13. g5 Nh5 14. Na5 Qc7 15. Nd5 Nxd5 16. exd5 Bd7 17. Kb1 f6 18. gxf6 Rxf6 19. Rg1 Raf8 20. c4 Rxf3 21. Be2 Rxe3 22. Qxe3 Qxa5 23. Bxh5 Bf5+ 24. Ka2 bxc4 25. Qa7 Bf6 26. Rg3 Kh8 27. Be2 Bc2 28. Rf1 Bb3+ 29. Kb1 Qd2 30. Qe3 Qc2+ 31. Ka1 e4 32. Rxf6 Rxf6 33. Rg1 c3 34. Qxc3 Qxc3 35. bxc3 a5 36. Rb1 a4 37. Bc4 g5 38. Bxb3 axb3 39. Kb2 Kg7 40. Kxb3 Kg6 41. Re1 Rf4 42. a4 Kf5 43. a5 Ke5 44. Kc4 Rf8 45. a6 Rc8+ 46. Kb5 Rxc3 47. Ra1 Rc8 48. a7 Ra8 49. Kc6 e3 50. Kb7 Rxa7+ 51. Rxa7 Kxd5 52. Ra8 Kd4 53. Kc6 e2 54. Re8 Kd3 55. Kxd6 Kd2 56. Rxe2+ Kxe2 57. Ke5 Kf3 58. Kf5 g4 59. Kg5 Kg2 60. Kxg4 h5+ 61. Kxh5 1/2-1/2